000 00834nam a2200265Ia 4500
003 OSt
005 20221005092731.0
006 a|||||r|||| 00| 0
007 ta
008 221004b |||||||| |||| 00| 0 eng d
020 _a9780826108050 (hbk)
_cUSD 80.00
024 _a42062
037 _bIN/ST/854, 23/01/2019, Satyam Books Pvt. Ltd.
_cTextual
040 _aCRL
_cCRL
_beng
041 _2eng
_aeng
082 _aS:1-86, Q2
100 _aBush Shane S. Ed.
_9614510
245 0 _aNeuropsychological practice with veterans
260 _aNew York
_bSpringer Publishing Company USA
_c2012
300 _axvi,399p.
_ccm.
650 _a PSYCHOLOGY
650 _aNEUROSCIENCES
_928635
942 _hS:1-86, Q2
_cTEXL
_2cc
999 _c999318
_d999318